Building systems for low income housing / (Record no. 548882)
[ view plain ]
| 000 -LEADER | |
|---|---|
| fixed length control field | 00568cam a2200181 a 4500 |
| 082 ## - DEWEY DECIMAL CLASSIFICATION NUMBER | |
| Classification number | 690.81 |
| Author Mark | JAL |
| -- | L-14, P-194 |
| 100 1# - MAIN ENTRY--PERSONAL NAME | |
| Personal name | Jain, A. K. |
| 9 (RLIN) | 45338 |
| 245 10 - TITLE STATEMENT | |
| Title | Building systems for low income housing / |
| Statement of responsibility, etc. | A.K. Jain. |
| 260 ## - PUBLICATION, DISTRIBUTION, ETC. | |
| Place of publication, distribution, etc. | Dehra Dun, India : |
| Name of publisher, distributor, etc. | Vikalp |
| Date of publication, distribution, etc. | c1992. |
| 300 ## - PHYSICAL DESCRIPTION | |
| Extent | vi, 165 p. : |
| Other physical details | ill. ; |
| Dimensions | 28 cm. |
| 500 ## - GENERAL NOTE | |
| General note | Includes index. |
| 520 ## - SUMMARY, ETC. | |
| Summary, etc. | In the Indian context. |
| 526 ## - STUDY PROGRAM INFORMATION NOTE | |
| Program name | 0 |
| Interest level | 0 |
| Reading level | 0 |
| Title point value | 690_810000000000000_JAL |
| 650 #0 - SUBJECT ADDED ENTRY--TOPICAL TERM | |
| Topical term or geographic name entry element | House construction |
| Geographic subdivision | India. |
| 9 (RLIN) | 45339 |
| 650 #0 - SUBJECT ADDED ENTRY--TOPICAL TERM | |
| Topical term or geographic name entry element | Low-income housing |
| Geographic subdivision | India. |
| 9 (RLIN) | 45340 |
| 650 #0 - SUBJECT ADDED ENTRY--TOPICAL TERM | |
| Topical term or geographic name entry element | MCE |
| 9 (RLIN) | 379 |
| 942 ## - ADDED ENTRY ELEMENTS (KOHA) | |
| Source of classification or shelving scheme | |
| Koha item type | Book |
| Withdrawn status | Lost status | Source of classification or shelving scheme | Damaged status | Not for loan | Permanent Location | Current Location | Date acquired | Total Checkouts | Full call number | Barcode | Date last seen | Price effective from | Koha item type |
|---|---|---|---|---|---|---|---|---|---|---|---|---|---|
| Military College of Engineering (MCE) | Military College of Engineering (MCE) | 09/09/2014 | 690.81 JAL | MCE-28494 | 09/09/2014 | 09/09/2014 | Book |
